Indian financial system / (Record no. 31039)

MARC details
000 -LEADER
fixed length control field 00870nam a22002537a 4500
005 - DATE AND TIME OF LATEST TRANSACTION
control field 2009102607497.0
008 - FIXED-LENGTH DATA ELEMENTS--GENERAL INFORMATION
fixed length control field 091026t xxu||||| |||| 00| 0 eng d
010 ## - LCCN (DPL NO)
LC control number ENG-95201
020 ## - INTERNATIONAL STANDARD BOOK NUMBER
International Standard Book Number 9780070153363
Terms of availability 395.00
020 ## - INTERNATIONAL STANDARD BOOK NUMBER
International Standard Book Number 0070153361
Terms of availability 395.00
035 ## - SYSTEM CONTROL NUMBER
System control number EN-78734
037 ## - SOURCE OF ACQUISITION
Source of stock number/acquisition DBAD / PUB
040 ## - CATALOGING SOURCE
Original cataloging agency DPL
082 ## - DEWEY DECIMAL CLASSIFICATION NUMBER
Classification number 332.0954
100 ## - MAIN ENTRY--PERSONAL NAME
Personal name Gurusamy, S.
245 ## - TITLE STATEMENT
Title Indian financial system /
Statement of responsibility, etc by S. Gurusamy
250 ## - EDITION STATEMENT
Edition statement 2nd. ed.
260 ## - PUBLICATION, DISTRIBUTION, ETC. (IMPRINT)
Place of publication, distribution, etc New Delhi
Name of publisher, distributor, etc Tata McGraw Hill Education
Date of publication, distribution, etc 2009
270 ## - ADDRESS
Address 7, West Patel Nagar
City New Delhi
Postal code 110008
300 ## - PHYSICAL DESCRIPTION
Extent xvi, 624p.
Dimensions 24 cm.(Pbk)
500 ## - GENERAL NOTE
General note Includes index.
942 ## - ADDED ENTRY ELEMENTS (KOHA)
Source of classification or shelving scheme Dewey Decimal Classification
Item type English Books
Call number suffix GUR
Classification part 332.0954
Holdings
Withdrawn status Lost status Source of classification or shelving scheme Damaged status Not for loan Collection code Home library Current library Date acquired Source of acquisition Cost, normal purchase price Total Checkouts Full call number Barcode Date last seen Copy number Cost, replacement price Koha item type
    Dewey Decimal Classification   Not For Loan Non-fiction D.B.Act.Division D.B.Act.Division 24/10/2009 DBAD / PUB 395.00   332.0954 GUR EN-78734 26/10/2009 1 395.00 English Books

© Delhi Public Library
Hit Counter
free hit counter